000 00316nam a2200133Ia 4500
008 240624s9999 xx 000 0 und d
041 _aeng
082 _a823 MEN
100 _aMENON RAMESH
245 _aSIVA THE SIVA PURANA RETOLD
260 _c2010
_aNew Delhi
_bRupa & Company
300 _a324 p.
365 _cRS
999 _c31932
_d31932